000 00703cam a2200205 i 4500
005 20260202120257.0
008 250721s2004 jo gr 000 0 ara d
082 1 4 _a371.9
_bم ن س
100 1 _aمنسي، حسن
_eمؤلف.
245 1 2 _aالتربية الخاصة /
_cتأليف الدكتور حسن منسي.
250 _aالطبعة الأولى.
264 3 1 _aعمان :
_bدار الكندي للنشر و التوزيع،
_c2004.
300 _a163 صفحة.
650 1 7 _aصعوبات التعلم.
650 1 7 _aالتربية الخاصة.
650 1 7 _aأساليب التدريس.
650 1 7 _aالتعلم.
942 _2ddc
_cBK
999 _c90020
_d90020